00703nam a2200193Ia 4500003000900000008004100009040001600050080001500066110006100081245007700142260007200219300001400291650003400305650001900339650003400358942000700392999001700399952009300416IN-BaIIA211028s9999 xx 000 0 eng d cIIA Library a61.22bIND aIndian Association for the Cultivation of Science920453 2aA century.cIndian Association for the Cultivation of Science  aCalcuttabIndian Association for the Cultivation of ScienceĀ c1976 axv, 313p. aAdvancement of Science920454 aCentury920455 aCultivation of Science920456 cBK c11789d11789 00104070aBANbBANcGENd1996-07-15l0o061.22/ INDp12704r2021-11-05w1996-07-15yBK